Statistiken für Länder mit den meisten Katholiken

Klicken Sie hier um das Quiz zu spielen!

Allgemein

  • Dieses Quiz wurde 238 mal gespielt
  • Das Durchschnittsergebnis liegt bei 15 aus 20

Antwortstatistiken

#Land% Korrekt
50,5 mItalien
97%
32,4 mSpanien
97%
66,6 mVereinigte Staaten
95%
23,6 mDeutschland
94%
125 mBrasilien
92%
98,8 mMexiko
92%
40,0 mFrankreich
91%
33,0 mPolen
91%
29,8 mArgentinien
89%
36,0 mKolumbien
82%
13,8 mKanada
79%
23,7 mPeru
78%
22,2 mVenezuela
75%
81,4 mPhilippinen
62%
23,9 mNigeria
57%
15,4 mIndien
52%
11,3 mEcuador
49%
28,3 mDem Rep Kongo
48%
12,2 mTansania
30%
14,6 mUganda
13%

Verteilung der Resultate

Perzentil nach korrekt beantworteten Fragen

Anzahl Personen mit jedem Resultat

Ihre Resultats-Entwicklung

Sie haben dieses Quiz noch nicht gespielt